Statistics for Melanie Martinez - Tag, You're It

Click here to take the quiz!

General Stats

  • This quiz has been taken 877 times
  • The average score is 252 of 346

Answer Stats

Answer% Correct
you
99%
your
98%
Your
98%
a
97%
I
97%
me
96%
tag
94%
Tag
94%
it
91%
It
91%
the
91%
he
90%
He
90%
you're
89%
And
88%
and
88%
through
88%
to
86%
window
82%
down
81%
my
81%
parking
81%
lot
79%
stop
79%
out
78%
chased
77%
for
77%
Running
77%
wouldn't
76%
at
74%
Looking
74%
mo
73%
little
70%
Little
70%
Can
68%
can
68%
in
67%
eye
66%
let
66%
Let
66%
Boy
64%
go
64%
had
64%
words
64%
pushed
63%
Took
63%
mouth
62%
said
62%
right
61%
slow
61%
Take
61%
take
61%
real
59%
Grabbed
58%
Driving
57%
hand
57%
next
56%
dinner
55%
tinted
55%
cut
54%
make
54%
up
54%
hear
53%
I'll
52%
Rolling
52%
got
51%
inside
51%
some
51%
anybody
50%
candy
50%
joyride
50%
winner
50%
are
49%
I've
46%
Am
45%
am
45%
ground
44%
Saying
44%
saying
44%
end
41%
under
41%
I'm
40%
myself
40%
reached
40%
talking
40%
You've
40%
of
38%
hidden
36%
poison
33%
skin
32%
teeth
32%
bit
31%
when
31%
taste
30%
He's
27%
her
26%
girl
24%
best
23%
love
23%
by
20%
she
20%
very
20%
don't
19%
hope
19%
pick
19%
breathing
18%
Catch
18%
Eenie
18%
lady
18%
meenie
18%
mother
18%
God
17%
never
17%
leaving
16%
screams
14%
toes
14%
miny
13%

Score Distribution

Percentile by Number Answered

Percent of People with Each Score

Your Score History

You have not taken this quiz